000
00302nam a22001337a 4500
008
170525b xxu||||| |||| 00| 0 eng d
020
_a
9780070113558
041
_a
eng
080
_a
621.3
100
_a
27
101
_a
IM
245
_a
BASIC ELECTRICLA ENGINEERIG
_c
CATHEY.J.J
942
_2
udc
_c
BK
999
_c
14256
_d
14256